00536nam a2200133Ia 4500008004100000020002200041100002000063245010700083260004200190300002700232650001800259999001900277952010600296200922s9999 xx 000 0 und d a978-621-409-117-1 aDapat, Rizal O. cRizal O. Dapat, Liza l. ChangaEssence and essentials of puirposive communication in the 21st century/ aManila:bBooks Atbp. Publishingc2018 axii, 344 pagesc25 cm. aCommunication c364410d364410 001040aCLbCLcFILd2020-09-22eCLl0oP 90 .D212 2018pC22496r2020-09-22 00:00:00w2020-09-22yBK